000 00506nam a22001817a 4500
001 2860
003 BD-DhBUF
005 20251129161956.0
008 251129b bg ||||| |||| 00| 0 ben d
020 _a9781847941831
040 _aBD-DhBUF
_cBD-DhBUF
100 _aClear, James
_94227
245 _aAtomic habits :
_ban easy & proven way to build good habits & break bad ones /
_c James Clear,
260 _aLondon :
_bPenguin,
_cC 2018
300 _aix, 306
_c23cm. ;
526 _aScience
942 _2ddc
_cBK
999 _c2860
_d2860